|
|
|
|
| LEADER |
00823nam a22002292a 4500 |
| 001 |
001729427 |
| 003 |
CZ BrMZK |
| 005 |
20231017134736.0 |
| 007 |
ta |
| 008 |
200210s1988 xo er|||||||||||slo d |
| 040 |
|
|
|a ABA001
|b cze
|c ABA001
|d ABA001
|d BOA001
|
| 100 |
1 |
|
|a Svitana, Imrich
|4 art
|
| 245 |
1 |
0 |
|a Imrich Svitana - výber z tvorby :
|b katalóg výstavy : 9. septembra do 16. októbra 1988 : Košice - Východoslovenská galéria /
|c úvodní text Helena Němcová
|
| 260 |
|
|
|a Košice :
|b Východoslovenská galéria,
|c 1988
|
| 300 |
|
|
|a 1 sv. (nestr.) ;
|c 4°
|
| 500 |
|
|
|a Barev. obr.
|
| 700 |
1 |
|
|a Němcová, Helena
|7 pna2015882986
|4 wfw
|
| 910 |
|
|
|a BOA001
|b X2-0934.905
|
| 990 |
|
|
|a BK
|
| 995 |
|
|
|a 02
|
| 991 |
|
|
|b 202002
|
| 996 |
6 |
|
|b 2618852690
|c X2-0934.905
|l MZK
|r Sklad / do 24 hodin
|n 0
|w 001780871
|u 000010
|a 1
|e BOA001
|j MZK50
|s P
|